| 000 | 00791nam a2200253Ia 4500 | ||
|---|---|---|---|
| 999 |
_c3998 _d3998 |
||
| 003 | OSt | ||
| 005 | 20200330122108.0 | ||
| 008 | 191128s2006 sp a br 000 1 spa d | ||
| 020 | _a9789589159484 | ||
| 040 |
_aCO-JMCR _cCO-JMCR |
||
| 041 | _aspa | ||
| 082 | 0 | 4 |
_aA / _2GUTs |
| 100 |
_aGutman, Anne, autora _91978 |
||
| 245 | 0 | 4 |
_aLos sueños / _cAnne Gutman, Georg Hallensleben ; traducción Christiane Reyes |
| 260 |
_aBarcelona : _bJuventud, _c2006 |
||
| 300 |
_a[12] páginas sin numerar : _b ilustraciones a color ; _c14 cm. |
||
| 440 |
_aLeer es mi cuento _91773 |
||
| 500 | _aRecomendado de 0 a 2 años. | ||
| 546 | _aspa | ||
| 650 |
_aÁlbum infantil _9751 |
||
| 650 |
_aSueños en la literatura _91789 |
||
| 700 |
_aReyes, Cristiane, _etraducción _91979 |
||
| 942 |
_2ddc _cBK |
||